000 004440000a22001450004500
020 _a0-06-016129-9
041 0 _aENG
082 0 4 _aG 909.8 D7941n
100 1 _aDrucker, Peter F. (Ferdinand) (1909-)
245 1 0 _aThe new realities : In government and politics, in economics and business, in society and world view / Peter F. Drucker
260 _aNew York, N.Y., USA : Harper and Row
300 _aXI, 276 Pag
001 11226
942 _cBK
999 _c40591
_d40591